LEADER 01386nam a2200301 u 4500 001 000000063728 003 CaOOAMICUS 005 20070226121258.0 008 011106s1980 it af u000 u ita u 035 $a10908947 040 $aPUL(R)$bita 041 1 $aita$hlat 245 03$aLa Confessione Augustana del 1530 / :$ba cura di Giorgio Tourn ; versione dal latino di Maria Rosa Serafini ; introduzione di Giorgio Tourn ... [et al.]. 260 $aTorino :$bClaudiana Editrice,$cstampa 1980. 300 $a191 p. :$bill. ;$c20 cm 490 1 $aTesti della Riforma ;$v9 500 $aComprende indici. 504 $aBibliografia in nota. 630 04$aConfessio Augustana.$0(OLS)http://pul/subject/23780 700 1 $aTourn, Giorgio,$d1930-$0(OLS)http://pul/name/12642 700 1 $aSerafini, Maria Rosa.$0(OLS)http://pul/name/43197 830 0$aTesti della Riforma ;$v9.$0(OLS)http://pul/title/993 850 $aPUL 852 $aPUL$W1$xSL Religione 1$y3$m74 B 11$j82666$nBK-PRI$b $qStampati$B82666$CPULBib$Z2$F82666 $H $81 941 1 $a8 961 $aINV: 49290 996 $6245$aLa Confessione Augustana del 1530 / :$ba cura di Giorgio Tourn ; versione dal latino di Maria Rosa Serafini ; introduzione di Giorgio Tourn ... [et al.]$9(OLS)http://pul/title/84957 996 $6260$aTorino :$bClaudiana Editrice$9(OLS)http://pul/publisher/55990 LEADER 01493nam a2200313 a 4500 001 000000158670 003 CaOOAMICUS 005 20170207105734.0 008 170207s2016 ne u000 u eng r 020 $z9789004323698* 032 $aLibriCat 040 $aPUL$bita 082 04$a225.5 100 1 $aTrick, Bradley R.$0(OLS)http://pul/name/101356 245 10$aAbrahamic descent, testamentary adoption, and the law in Galatians :$bdifferentiating Abraham's sons, seed, and children of promise /$cby Bradley R. Trick. 260 $aLeiden ;$aBoston :$bBrill,$cİ2016. 300 $aXV, 389 p. ;$c25 cm. 490 1 $aSupplements to Novum Testamentum ;$v169 504 $aInclude riferimenti bibliografici e indici. 630 04$aBiblia.$pN.T.$pAd Galatas$xCritica e interpretazione.$0(OLS)http://pul/subject/6801 830 0$aSupplements to Novum Testamentum ;$v169.$0(OLS)http://pul/title/4774 850 $aPUL 852 $aPUL$W1$xSL Religione 3$y85$m225. 5 COLL 1.169$j181974$qDDC 21$B185151$CPULBib$Z2$F185151 $H128925 $81 941 1 $a9 996 $6020$z9789004323698*$9(OLS)http://pul/number/162033 996 $6082$a225.5$9(OLS)http://pul/classification/1678 996 $6245$aAbrahamic descent, testamentary adoption, and the law in Galatians :$bdifferentiating Abraham's sons, seed, and children of promise$9(OLS)http://pul/title/198285 996 $6260$aLeiden ;$aBoston :$bBrill$9(OLS)http://pul/publisher/68781